| 000 | 00606nam a22001697a 4500 | ||
|---|---|---|---|
| 005 | 20240923111552.0 | ||
| 010 | _aENG-141424 | ||
| 020 |
_a9789354427305 _c1100.00 |
||
| 035 | _aEN-124956 | ||
| 037 | _bDBAD/PUB | ||
| 082 |
_a320.550954 _21 |
||
| 245 |
_aChildscape, Mediascape: _bChildren and Media in India/ _cedited by Usha Raman and Sumana Kasturi |
||
| 260 |
_aHyderabad _bOrient Blackswan Private Limited _c2023 |
||
| 270 |
_a3-6-752 Himayatnagar _e500029 _bHyderabad Telangana,India _minfo@orientblackswan.com |
||
| 300 |
_ax;349p. _c22CM (pbk) |
||
| 942 |
_2ddc _cEN _mRAM _h320.550954 |
||
| 999 |
_c205278 _d205278 |
||